| 000 | 00432nam a2200133 a 4500 | ||
|---|---|---|---|
| 008 | 120416s1976 xx |||||||||||||| || u | ||
| 050 | _aS 495 Sin | ||
| 100 | _aSingh, S. S | ||
| 245 | 1 | 0 | _aPrinciples and practice of agronomy |
| 250 | _a3rd ed. | ||
| 260 | _c1976 | ||
| 350 | _a0.00 | ||
| 995 |
_D0.00 _FCBU-MAIN LIBRARY (Kitwe) _H1 _I42.00 _M1 _UDAMAGED _ZMain Library Open Access Collection |
||
| 999 |
_c54482 _d54482 |
||